Law and market economy reinterpreting the values of law and economics /

Bibliographic Details
Main Author: Malloy, Robin Paul, 1956-
Corporate Author: ProQuest (Firm)
Format: Electronic eBook
Language:English
Published: Cambridge [England] : New York : University of Cambridge ; Cambridge University Press, 2000.
Subjects:
Online Access:Click to View
LEADER 01305nam a22003374a 4500
001 EBC201362
003 MiAaPQ
005 20200520144314.0
006 m o d |
007 cr cn|||||||||
008 001128s2000 enk sb 001 0 eng
010 |z  00711747  
020 |z 0521782147 (hardback) 
020 |z 0521787319 (pbk.) 
035 |a (MiAaPQ)EBC201362 
035 |a (Au-PeEL)EBL201362 
035 |a (CaPaEBR)ebr2000863 
035 |a (OCoLC)49964124 
040 |a MiAaPQ  |c MiAaPQ  |d MiAaPQ 
050 4 |a K487.E3  |b M354 2000 
100 1 |a Malloy, Robin Paul,  |d 1956- 
245 1 0 |a Law and market economy  |h [electronic resource] :  |b reinterpreting the values of law and economics /  |c Robin Paul Malloy. 
260 |a Cambridge [England] :  |b University of Cambridge ;  |a New York :  |b Cambridge University Press,  |c 2000. 
300 |a x, 179 p. 
504 |a Includes bibliographical references and index. 
533 |a Electronic reproduction. Ann Arbor, MI : ProQuest, 2015. Available via World Wide Web. Access may be limited to ProQuest affiliated libraries. 
650 0 |a Law and economics. 
650 0 |a Efficient market theory. 
655 4 |a Electronic books. 
710 2 |a ProQuest (Firm) 
856 4 0 |u https://ebookcentral.proquest.com/lib/matrademy/detail.action?docID=201362  |z Click to View